01603nam a22001937a 450000500170000000800410001702000180005804000070007604100120008308200220009510000180011724500450013526000350018030000280021536500300024352010970027365000190137070000200138920220909115916.0220830b ||||| |||| 00| 0 eng d a9781649838087 cAL aEnglish 223b821.009aRIDL aMariyam Ridha aLight of Sparks: The Seeking Inspiration aTamil NadubNotion Pressc2021 a161 p.bPBc20.2x13 cm. b₹199.00c₹d₹199.00 aWhen life takes a turn in every way it could, our author, Mariyam Ridha, all could do was emit up her heart, squeeze her soul which then poured into captivating poems. ‘The Light of Sparks’ is a compilation of poems which will make you go through the different labyrinthine aspect of life, which the author had gone through, which she regarded people going through and the inevitable thoughts which forced the author to scribble. When demotivation, lovelessness, and despondency submerge us in the wrong way, the author began a journey to unseal it, evading the truth that it is already around her breaths. When she found it she penned it down such that she feels the equivalent motivation when it read for the millionth time by herself. The sparks won’t change stories, but would presumably change the last layers of heart which hunger for optimism, benevolence, and profound affection and that will change the world around you through the light. The light, that is illuminated by the sparks. “Let your eye be Opened internally, Enough to see the sparks, Which will light up lives” aEnglish Poetry aRIDHA (Mariyam)